000 01235cam a2200229 4500
001 WB3722-07
008 000000n2001 000 0 eng u
035 _a(Sirsi) u113000
245 _aBenchmarks, bouquets and brickbats
260 _c2001
490 _aGreen Futures
_v(28) May/June 2001, 8(1)
520 _aSome of Britain's big companies obtained high scores in the UK's major benchmarking exercise, the Index of Corporate Environmental Engagement. A total of 184 companies participated in the fifth annual index, carried out by the Business in the Environment organisation (BiE) The index is compiled from ratings in 5 main area of environmental impact - energy, transport, waste, water consumption and global warming emissions. However the BiE believes that the corporate sector as a whole is not contributing sufficiently to cutting global warming emissions. BiE, 020 7566 8702. http://www.business-in-environment.org.uk
590 _aWB
650 _aBENCHMARKING
650 _aBUSINESS IN THE ENVIRONMENT ORGANISATION
650 _aENVIRONMENTAL IMPACT ANALYSIS
650 _aGLOBAL WARMING
650 _aENVIRONMENTAL REPORTING
650 _aCOMPANIES
690 _aENVIRONMENT-AUDIT/ASSESSMENT
942 _n0
999 _c67261
_d67261